000 01085nam a2200289Ia 4500
001 dia_3073
003 CHAP
005 20230314120530.0
008 220117s1980 xx 000 0 und d
010 _a173579
040 _cCHAP
082 _a338.18 M49 1980
110 _aMexico. Comisión Nacional de Desarrollo Agroindustrial
_9154011
245 _aPlan Nacional de Desarrollo Agroindustrial 1980-1982 /
_c Comisión Nacional de Desarrollo Agroindustrial
260 _aMéxico :
_b Comisión Nacional de Desarrollo Agroindustrial,
_c1980
300 _a224 p.
500 _aEl ejemplar 3 es material fotocopiado.
503 _aD.
590 _aHD9014.M62 M49 1980
650 _aAgricultural industry
_xGovernmental politics
_xMexico
_xXX Century
_9154012
650 _aIndustrias agrícolas
_xPolitica gubernamental
_xMéxico
_xSiglo XX
_9154013
710 _aComisión Nacional de Desarrollo Agroindustrial (México)
_925765
901 _a338.18 M49 1980
902 _aM
905 _a5232271980 MX in 8225223322SPA16
942 _cLIBRO
_2ddc
999 _c173579
_d173579